Financial statistics of government sector 1970 (Record no. 63121)

MARC details
000 -LEADER
fixed length control field 00914nam a2200181 a 4500
008 - FIXED-LENGTH DATA ELEMENTS--GENERAL INFORMATION
fixed length control field 090219s1973 ||||||||||||||||| || u
050 ## - LIBRARY OF CONGRESS CALL NUMBER
Classification number GOV.ZAM(058)FSGS/1973A
110 ## - MAIN ENTRY--CORPORATE NAME
Corporate name or jurisdiction name as entry element Government of the Republic of Zambia. Central Statistical Office
245 10 - TITLE STATEMENT
Title Financial statistics of government sector 1970
Statement of responsibility, etc. By Central Statistical Office
260 ## - PUBLICATION, DISTRIBUTION, ETC.
Place of publication, distribution, etc. Lusaka
Name of publisher, distributor, etc. Central Statistical Office (CSO)-Zambia
Date of publication, distribution, etc. 1973
300 ## - PHYSICAL DESCRIPTION
Extent 103p.
350 ## -
-- 0.00
650 ## - SUBJECT ADDED ENTRY--TOPICAL TERM
Topical term or geographic name entry element EXPENDITURES, PUBLIC--ZAMBIA
650 ## - SUBJECT ADDED ENTRY--TOPICAL TERM
Topical term or geographic name entry element STATISTICS--ZAMBIA
710 ## - ADDED ENTRY--CORPORATE NAME
Corporate name or jurisdiction name as entry element Government of the Republic of Zambia (GRZ)
995 ## -
-- SPECIAL COLLECTIONS
-- 0.00
-- 03003636
-- CBU-MAIN LIBRARY (Kitwe)
-- 1
-- 0.00
-- GOV.ZAM(058)FSGS/1973A
-- 1
-- AVAILABLE
-- Feb 19, 2009
-- 03003636
-- Zambiana Collection
995 ## -
-- SPECIAL COLLECTIONS
-- 0.00
-- 03003637
-- CBU-MAIN LIBRARY (Kitwe)
-- 1
-- 0.00
-- GOV.ZAM(058)FSGS/1973B
-- 2
-- AVAILABLE
-- Feb 19, 2009
-- 03003637
-- Zambiana Collection
999 ## -
-- 63121
-- 63121
Holdings
Withdrawn status Lost status Source of classification or shelving scheme Damaged status Not for loan Permanent Location Current Location Shelving location Date acquired Total Checkouts Full call number Barcode Date last seen Price effective from Koha item type
          CBU-MAIN LIBRARY, KITWE. CBU-MAIN LIBRARY, KITWE.   12/24/2022   GOV.ZAM(058)FSGS/1973A 03003636 12/24/2022 12/24/2022 MONOGRAPH
          CBU-MAIN LIBRARY, KITWE. CBU-MAIN LIBRARY, KITWE.   12/24/2022   GOV.ZAM(058)FSGS/1973A 03003637 12/24/2022 12/24/2022 MONOGRAPH